000
00361nam a22001577a 4500
003
MPLRDC
005
20220104124822.0
008
210129b ||||| |||| 00| 0 eng d
082
_a
857.9 LYS-10 v.6
100
_a
梁羽生著
245
_a
游剑江湖. 六
_c
260
_a
_b
伟青书店
_c
300
_b
平
650
_a
942
_c
BK
_o
857.9 LYS-10 v.6
999
_c
22397
_d
22387